| 000 | 01723nam a2200409 i 4500 | ||
|---|---|---|---|
| 001 | 193602 | ||
| 003 | SpMaBN | ||
| 005 | 20250522202112.0 | ||
| 007 | ta | ||
| 008 | 180618s2016 sp a | |||| 000 0bspa | ||
| 017 |
_aPO 143-2016 _bOficina Depósito Legal Pontevedra |
||
| 035 | _a(OCoLC)1055849705 | ||
| 040 |
_aSpMaBN _bspa _cSpMaBN _erdc |
||
| 080 | _a929 Valle-Inclán, Ramón del | ||
| 080 | _a821.134.2-992"19" | ||
| 080 | _a913(460.115-28 Salnés) | ||
| 100 | 1 |
_aCharlín Pérez, Francisco X., _d1963- _4aut _0XX4812517 _9234908 _eaut |
|
| 245 | 1 | 3 |
_aEl pasajero : _bcuaderno de viaje por el Salnés de Valle-Inclán / _cFrancisco X. Charlín Pérez |
| 264 |
_aVilanova de Arousa, (Pontevedra) : _bAsociación de Amigos de Valle-Inclán, _c2016 |
||
| 300 |
_a286 páginas : _bilustraciones (blanco y negro y color), 1 mapa (color) ; _c20 cm |
||
| 336 |
_aTexto (visual) _2isbdcontent |
||
| 337 |
_asin mediación _2isbdmedia |
||
| 338 |
_2rdacarrier _avolumen |
||
| 500 | _aÍndice | ||
| 504 | _aBibliografía: páginas 269-286 | ||
| 520 | _aCuaderno de viaje por el Salnés de Valle-Inclán. | ||
| 600 | 1 | 4 |
_aValle-Inclán, Ramón del, _d1866-1936- _xViviendas y lugares frecuentados _9175714 |
| 650 | 0 |
_aRutas literarias- _zGalicia _2embne _9234909 |
|
| 651 | 7 |
_aPontevedra (Provincia)- _xDescripción _9153500 |
|
| 852 |
_aES-MaACL _bR. 154895 _cDEPOJ _jN-9608 _hDonación: Editorial _9201064 _xEncuadernación rústica con solapas |
||
| 942 |
_n0 _cMONOGRAFIA |
||
| 999 |
_c193602 _d193602 |
||